[Event "DEM U18 2022"]
[Site "Willingen GER"]
[Date "2022.06.05"]
[Round "1"]
[White "Dietlmeier, Tobias"]
[Black "Musiolik, David"]
[Result "0-1"]
[Termination "normal"]
[Board "10"]
[WhiteElo "1886"]
[BlackElo "2217"]
[WhiteClock "00:00:43"]
[BlackClock "00:17:20"]
[PlyCount "64"]
[WhiteFideId "16213963"]
[BlackFideId "12972355"]
[EventCountry "GER"]
[EventRounds "9"]
[EventType "swiss"]
[EventDate "2022.06.04"]

1. d4 {[%clk 1:30:56]} d5 {[%clk 1:30:55]} 2. c4 {[%clk 1:31:06]} e6 {[%clk
1:31:10]} 3. Nc3 {[%clk 1:31:01]} a6 {[%clk 1:30:38]} 4. cxd5 {[%clk 1:29:30]}
exd5 {[%clk 1:31:03]} 5. Nf3 {[%clk 1:29:27]} c6 {[%clk 1:18:57]} 6. Bf4 {[%clk
1:24:36]} Nf6 {[%clk 1:18:30]} 7. e3 {[%clk 1:23:19]} Bf5 {[%clk 1:15:16]} 8.
Bd3 {[%clk 1:04:50]} Bxd3 {[%clk 1:05:38]} 9. Qxd3 {[%clk 1:05:11]} Be7 {[%clk
1:04:35]} 10. h3 {[%clk 1:03:42]} O-O {[%clk 1:02:02]} 11. O-O {[%clk 1:03:00]}
Nbd7 {[%clk 1:00:39]} 12. Rab1 {[%clk 0:54:07]} Re8 {[%clk 0:53:22]} 13. b4
{[%clk 0:49:11]} b5 {[%clk 0:52:41]} 14. Rfc1 {[%clk 0:45:08]} a5 {[%clk
0:48:28]} 15. Ne2 {[%clk 0:27:51]} Qb6 {[%clk 0:39:08]} 16. bxa5 {[%clk
0:24:40]} Rxa5 {[%clk 0:38:59]} 17. Qc2 {[%clk 0:21:13]} Ba3 {[%clk 0:26:00]}
18. Rd1 {[%clk 0:19:23]} Rc8 {[%clk 0:25:40]} 19. Ne5 {[%clk 0:13:57]} Qa6
{[%clk 0:24:25]} 20. Qf5 {[%clk 0:11:09]} g6 {[%clk 0:24:27]} 21. Qd3 {[%clk
0:05:13]} Bf8 {[%clk 0:23:17]} 22. Nc1 {[%clk 0:01:19]} Nb6 {[%clk 0:23:21]}
23. Bg5 {[%clk 0:00:45]} Ne4 {[%clk 0:23:40]} 24. Bh4 {[%clk 0:00:36]} b4
{[%clk 0:19:21]} 25. Qxa6 {[%clk 0:01:01]} Rxa6 {[%clk 0:19:50]} 26. Rb2 {[%clk
0:00:56]} f6 {[%clk 0:17:43]} 27. Ned3 {[%clk 0:00:57]} Nc4 {[%clk 0:18:04]}
28. Rb1 {[%clk 0:00:40]} g5 {[%clk 0:17:52]} 29. Bg3 {[%clk 0:00:59]} Nc3
{[%clk 0:18:13]} 30. Nb3 {[%clk 0:00:38]} Nxd1 {[%clk 0:18:01]} 31. Rxd1 {[%clk
0:01:03]} Rxa2 {[%clk 0:18:18]} 32. Rb1 {[%clk 0:00:43]} Rca8 {[%clk 0:17:20]}
0-1

[Event "DEM U18 2022"]
[Site "Willingen GER"]
[Date "2022.06.05"]
[Round "1"]
[White "Weihrauch, Jakob"]
[Black "Wehrle, Maximilian"]
[Result "1-0"]
[Termination "normal"]
[Board "11"]
[WhiteElo "2151"]
[BlackElo "1786"]
[WhiteClock "00:04:38"]
[BlackClock "00:14:30"]
[PlyCount "73"]
[WhiteFideId "16210115"]
[BlackFideId "65600347"]
[EventCountry "GER"]
[EventRounds "9"]
[EventType "swiss"]
[EventDate "2022.06.04"]

1. e4 {[%clk 1:30:57]} c5 {[%clk 1:29:43]} 2. Nf3 {[%clk 1:31:16]} e6 {[%clk
1:27:50]} 3. d4 {[%clk 1:31:36]} cxd4 {[%clk 1:25:53]} 4. Nxd4 {[%clk 1:32:00]}
Nf6 {[%clk 1:25:53]} 5. Nc3 {[%clk 1:32:20]} d6 {[%clk 1:24:48]} 6. g4 {[%clk
1:32:07]} h6 {[%clk 1:22:54]} 7. h4 {[%clk 1:32:15]} a6 {[%clk 1:19:59]} 8. Rg1
{[%clk 1:27:33]} d5 {[%clk 1:11:16]} 9. exd5 {[%clk 1:17:59]} Nxd5 {[%clk
1:05:18]} 10. Nxd5 {[%clk 1:18:17]} Qxd5 {[%clk 1:00:22]} 11. Bg2 {[%clk
1:13:14]} Qe5+ {[%clk 0:51:41]} 12. Be3 {[%clk 1:10:06]} Bc5 {[%clk 0:48:45]}
13. c3 {[%clk 1:03:02]} O-O {[%clk 0:39:55]} 14. g5 {[%clk 0:55:39]} Bxd4
{[%clk 0:37:11]} 15. cxd4 {[%clk 0:52:28]} Qh2 {[%clk 0:34:17]} 16. Kf1 {[%clk
0:48:13]} Bd7 {[%clk 0:33:57]} 17. a4 {[%clk 0:48:37]} Bc6 {[%clk 0:33:29]} 18.
gxh6 {[%clk 0:47:19]} Bxg2+ {[%clk 0:33:13]} 19. Rxg2 {[%clk 0:47:45]} Qh1+
{[%clk 0:33:29]} 20. Rg1 {[%clk 0:48:11]} Qh3+ {[%clk 0:33:50]} 21. Ke1 {[%clk
0:48:22]} g6 {[%clk 0:33:47]} 22. h5 {[%clk 0:31:05]} Kh7 {[%clk 0:29:19]} 23.
Qb3 {[%clk 0:17:43]} Qxh5 {[%clk 0:26:26]} 24. Qxb7 {[%clk 0:16:34]} Qd5 {[%clk
0:26:36]} 25. Qxd5 {[%clk 0:14:25]} exd5 {[%clk 0:27:00]} 26. Rc1 {[%clk
0:13:31]} Nd7 {[%clk 0:27:01]} 27. Rc7 {[%clk 0:12:51]} Nb6 {[%clk 0:25:19]}
28. b3 {[%clk 0:11:45]} Rac8 {[%clk 0:24:57]} 29. Rb7 {[%clk 0:10:42]} Rb8
{[%clk 0:22:09]} 30. Rxb8 {[%clk 0:07:40]} Rxb8 {[%clk 0:22:32]} 31. Kd2 {[%clk
0:08:07]} Nd7 {[%clk 0:22:29]} 32. Rc1 {[%clk 0:07:43]} Rb7 {[%clk 0:21:24]}
33. Rc6 {[%clk 0:07:07]} Nb8 {[%clk 0:17:02]} 34. Rf6 {[%clk 0:06:51]} Kg8
{[%clk 0:16:23]} 35. Kc3 {[%clk 0:04:07]} Rc7+ {[%clk 0:15:10]} 36. Kb4 {[%clk
0:04:18]} Rb7+ {[%clk 0:14:30]} 37. Ka3 {[%clk 0:04:38]} 1-0

[Event "DEM U18 2022"]
[Site "Willingen GER"]
[Date "2022.06.05"]
[Round "1"]
[White "Rohde, Niclas"]
[Black "Haack, Kevin"]
[Result "1/2-1/2"]
[Termination "normal"]
[Board "12"]
[WhiteElo "1730"]
[BlackElo "2176"]
[WhiteClock "00:01:57"]
[BlackClock "00:04:47"]
[PlyCount "107"]
[WhiteFideId "16230205"]
[BlackFideId "16228715"]
[EventCountry "GER"]
[EventRounds "9"]
[EventType "swiss"]
[EventDate "2022.06.04"]

1. e4 {[%clk 1:30:53]} c5 {[%clk 1:30:54]} 2. Nc3 {[%clk 1:31:07]} Nc6 {[%clk
1:31:16]} 3. f4 {[%clk 1:31:09]} g6 {[%clk 1:31:07]} 4. Nf3 {[%clk 1:31:03]}
Bg7 {[%clk 1:31:27]} 5. Bc4 {[%clk 1:30:34]} e6 {[%clk 1:31:22]} 6. d3 {[%clk
1:27:42]} Nge7 {[%clk 1:31:14]} 7. O-O {[%clk 1:25:56]} d5 {[%clk 1:30:33]} 8.
Bb3 {[%clk 1:23:14]} O-O {[%clk 1:29:27]} 9. Qe1 {[%clk 1:23:08]} Na5 {[%clk
1:28:40]} 10. Bd2 {[%clk 1:17:17]} b6 {[%clk 1:27:53]} 11. Nd1 {[%clk 1:08:43]}
Nec6 {[%clk 1:26:00]} 12. c3 {[%clk 1:02:57]} Nxb3 {[%clk 1:26:00]} 13. axb3
{[%clk 1:02:57]} dxe4 {[%clk 1:26:23]} 14. dxe4 {[%clk 1:00:00]} a5 {[%clk
1:26:47]} 15. Be3 {[%clk 0:46:11]} Ba6 {[%clk 1:15:07]} 16. Rf2 {[%clk
0:46:20]} Qd3 {[%clk 1:04:31]} 17. e5 {[%clk 0:35:20]} Rfd8 {[%clk 0:58:33]}
18. Rd2 {[%clk 0:30:20]} Qb5 {[%clk 0:55:47]} 19. Ra3 {[%clk 0:29:15]} Ne7
{[%clk 0:54:09]} 20. c4 {[%clk 0:26:28]} Qc6 {[%clk 0:53:53]} 21. Nc3 {[%clk
0:26:23]} Nf5 {[%clk 0:51:36]} 22. Ra1 {[%clk 0:21:06]} Rxd2 {[%clk 0:47:23]}
23. Qxd2 {[%clk 0:20:09]} Bf8 {[%clk 0:40:56]} 24. Rd1 {[%clk 0:17:35]} Bb7
{[%clk 0:36:55]} 25. Qf2 {[%clk 0:10:59]} Be7 {[%clk 0:35:02]} 26. Rd2 {[%clk
0:09:27]} h5 {[%clk 0:31:41]} 27. h3 {[%clk 0:06:32]} Kg7 {[%clk 0:30:49]} 28.
Kh2 {[%clk 0:05:42]} Rh8 {[%clk 0:28:31]} 29. Qe1 {[%clk 0:05:26]} Rd8 {[%clk
0:26:00]} 30. Rxd8 {[%clk 0:04:48]} Bxd8 {[%clk 0:26:27]} 31. Qd2 {[%clk
0:05:02]} Bh4 {[%clk 0:24:53]} 32. Bf2 {[%clk 0:03:20]} Bxf2 {[%clk 0:20:04]}
33. Qxf2 {[%clk 0:03:48]} Nd4 {[%clk 0:20:17]} 34. Nd2 {[%clk 0:04:10]} Nf5
{[%clk 0:12:15]} 35. Nde4 {[%clk 0:03:12]} Ba8 {[%clk 0:06:29]} 36. Qd2 {[%clk
0:01:56]} Nd4 {[%clk 0:06:02]} 37. Qd1 {[%clk 0:01:38]} Bb7 {[%clk 0:04:13]}
38. Kg1 {[%clk 0:01:32]} Kf8 {[%clk 0:03:15]} 39. Qd2 {[%clk 0:01:04]} Kg7
{[%clk 0:03:32]} 40. Qd1 {[%clk 0:01:28]} Ba8 {[%clk 0:01:32]} 41. Kh2 {[%clk
0:00:40]} Qc7 {[%clk 0:28:39]} 42. Nf6 {[%clk 0:24:10]} Qc8 {[%clk 0:24:41]}
43. Nce4 {[%clk 0:14:30]} Qc6 {[%clk 0:17:40]} 44. Qd3 {[%clk 0:13:41]} a4
{[%clk 0:15:38]} 45. Qg3 {[%clk 0:11:35]} Qc8 {[%clk 0:08:19]} 46. bxa4 {[%clk
0:07:44]} Bxe4 {[%clk 0:07:04]} 47. Nxe4 {[%clk 0:08:09]} Qd8 {[%clk 0:06:36]}
48. Nd6 {[%clk 0:07:15]} Nf5 {[%clk 0:05:24]} 49. Nxf5+ {[%clk 0:03:31]} exf5
{[%clk 0:05:53]} 50. Qe3 {[%clk 0:03:39]} Qd1 {[%clk 0:04:38]} 51. e6 {[%clk
0:02:30]} fxe6 {[%clk 0:05:06]} 52. Qxe6 {[%clk 0:02:51]} Qd4 {[%clk 0:04:52]}
53. Qe7+ {[%clk 0:02:11]} Kg8 {[%clk 0:04:47]} 54. Qe8+ {[%clk 0:01:57]}
1/2-1/2

[Event "DEM U18 2022"]
[Site "Willingen GER"]
[Date "2022.06.05"]
[Round "1"]
[White "Geltz, Noah"]
[Black "Chen, Qingzhi Alexander"]
[Result "1-0"]
[Termination "normal"]
[Board "13"]
[WhiteElo "2156"]
[BlackElo "1879"]
[WhiteClock "00:12:27"]
[BlackClock "00:05:40"]
[PlyCount "85"]
[WhiteFideId "16224256"]
[BlackFideId "16241959"]
[EventCountry "GER"]
[EventRounds "9"]
[EventType "swiss"]
[EventDate "2022.06.04"]

1. e4 {[%clk 1:30:57]} c5 {[%clk 1:30:58]} 2. Nf3 {[%clk 1:31:20]} d6 {[%clk
1:31:26]} 3. Bb5+ {[%clk 1:31:43]} Nd7 {[%clk 1:31:52]} 4. c4 {[%clk 1:32:00]}
a6 {[%clk 1:32:21]} 5. Ba4 {[%clk 1:32:14]} g6 {[%clk 1:32:48]} 6. Nc3 {[%clk
1:30:43]} Bg7 {[%clk 1:32:48]} 7. d4 {[%clk 1:29:44]} cxd4 {[%clk 1:31:50]} 8.
Nxd4 {[%clk 1:30:06]} Ngf6 {[%clk 1:28:02]} 9. O-O {[%clk 1:29:07]} O-O {[%clk
1:26:32]} 10. Kh1 {[%clk 1:28:15]} Ne5 {[%clk 1:11:08]} 11. Bb3 {[%clk
1:28:18]} h5 {[%clk 1:06:22]} 12. f4 {[%clk 1:12:50]} Bg4 {[%clk 1:02:10]} 13.
Qd2 {[%clk 1:11:11]} Bh6 {[%clk 0:59:13]} 14. Qc2 {[%clk 1:09:25]} Nc6 {[%clk
0:55:26]} 15. Nxc6 {[%clk 1:09:34]} bxc6 {[%clk 0:55:51]} 16. f5 {[%clk
1:09:46]} Bxc1 {[%clk 0:49:42]} 17. Qxc1 {[%clk 1:09:20]} Kg7 {[%clk 0:48:38]}
18. h3 {[%clk 1:00:30]} e6 {[%clk 0:42:51]} 19. Qg5 {[%clk 0:36:17]} Qa5 {[%clk
0:38:14]} 20. Rae1 {[%clk 0:32:22]} Rae8 {[%clk 0:26:01]} 21. hxg4 {[%clk
0:29:13]} hxg4 {[%clk 0:25:11]} 22. e5 {[%clk 0:26:46]} Rh8+ {[%clk 0:20:20]}
23. Kg1 {[%clk 0:27:10]} Nd7 {[%clk 0:18:03]} 24. f6+ {[%clk 0:13:45]} Kg8
{[%clk 0:18:25]} 25. Ne4 {[%clk 0:11:57]} Rh5 {[%clk 0:14:30]} 26. Qxg6+ {[%clk
0:11:45]} fxg6 {[%clk 0:14:17]} 27. f7+ {[%clk 0:12:11]} Kf8 {[%clk 0:07:14]}
28. fxe8=Q+ {[%clk 0:12:35]} Kxe8 {[%clk 0:07:40]} 29. Nxd6+ {[%clk 0:12:55]}
Ke7 {[%clk 0:08:07]} 30. Rf7+ {[%clk 0:13:15]} Kd8 {[%clk 0:07:46]} 31. Nb7+
{[%clk 0:13:38]} Ke8 {[%clk 0:08:09]} 32. Nxa5 {[%clk 0:14:01]} Kxf7 {[%clk
0:08:36]} 33. Nxc6 {[%clk 0:14:22]} g3 {[%clk 0:08:29]} 34. Bc2 {[%clk
0:11:56]} Rh8 {[%clk 0:07:51]} 35. Rf1+ {[%clk 0:11:36]} Kg7 {[%clk 0:07:57]}
36. Rd1 {[%clk 0:10:58]} Nb8 {[%clk 0:05:57]} 37. Nd8 {[%clk 0:11:02]} Rh4
{[%clk 0:05:29]} 38. b3 {[%clk 0:10:50]} Rh5 {[%clk 0:05:35]} 39. Nxe6+ {[%clk
0:11:05]} Kf7 {[%clk 0:04:48]} 40. Bxg6+ {[%clk 0:11:27]} Kxe6 {[%clk 0:05:14]}
41. Bxh5 {[%clk 0:11:49]} Kxe5 {[%clk 0:05:41]} 42. Be8 {[%clk 0:12:04]} a5
{[%clk 0:05:40]} 43. Bb5 {[%clk 0:12:27]} 1-0

[Event "DEM U18 2022"]
[Site "Willingen GER"]
[Date "2022.06.05"]
[Round "1"]
[White "Orf, Niklas"]
[Black "Bornholdt, Joa Max"]
[Result "0-1"]
[Termination "normal"]
[Board "14"]
[WhiteElo "1797"]
[BlackElo "2132"]
[WhiteClock "00:15:58"]
[BlackClock "00:30:44"]
[PlyCount "48"]
[WhiteFideId "16245571"]
[BlackFideId "16253477"]
[EventCountry "GER"]
[EventRounds "9"]
[EventType "swiss"]
[EventDate "2022.06.04"]

1. d4 {[%clk 1:30:48]} d5 {[%clk 1:29:40]} 2. Bf4 {[%clk 1:30:58]} c5 {[%clk
1:29:51]} 3. e3 {[%clk 1:31:18]} Nc6 {[%clk 1:30:07]} 4. Nf3 {[%clk 1:31:15]}
Nf6 {[%clk 1:30:18]} 5. Nbd2 {[%clk 1:31:17]} g6 {[%clk 1:30:26]} 6. h3 {[%clk
1:22:57]} Bg7 {[%clk 1:28:57]} 7. Nb3 {[%clk 1:18:35]} Ne4 {[%clk 1:22:43]} 8.
c3 {[%clk 1:17:25]} O-O {[%clk 1:08:33]} 9. dxc5 {[%clk 1:12:07]} e5 {[%clk
1:00:14]} 10. Bh2 {[%clk 1:11:51]} Be6 {[%clk 1:00:40]} 11. Bd3 {[%clk
0:58:38]} Ng5 {[%clk 0:50:18]} 12. Be2 {[%clk 0:45:05]} a5 {[%clk 0:47:52]} 13.
Nbd2 {[%clk 0:33:49]} Nxf3+ {[%clk 0:41:14]} 14. Nxf3 {[%clk 0:33:26]} Qe7
{[%clk 0:41:39]} 15. Bb5 {[%clk 0:28:27]} f6 {[%clk 0:38:55]} 16. b4 {[%clk
0:24:39]} axb4 {[%clk 0:36:22]} 17. Bxc6 {[%clk 0:22:23]} bxc6 {[%clk 0:36:50]}
18. cxb4 {[%clk 0:22:43]} Qb7 {[%clk 0:36:58]} 19. a3 {[%clk 0:21:13]} Rxa3
{[%clk 0:35:43]} 20. Rb1 {[%clk 0:20:01]} Qb5 {[%clk 0:33:12]} 21. g4 {[%clk
0:15:29]} d4 {[%clk 0:31:07]} 22. e4 {[%clk 0:15:53]} Rd3 {[%clk 0:30:08]} 23.
Qe2 {[%clk 0:15:32]} Bc4 {[%clk 0:30:30]} 24. Nd2 {[%clk 0:15:58]} Re3 {[%clk
0:30:44]} 0-1